|
|
|
|
| LEADER |
00000nam a2200000 a 4500 |
| 001 |
vtls001303674 |
| 003 |
SK-MaSNL |
| 005 |
20260301155651.0 |
| 008 |
240313s1936 xx 0 und |
| 035 |
|
|
|a SNK000255843
|
| 040 |
|
|
|a SNK
|b slo
|c SNK
|e AACR2
|
| 100 |
1 |
|
|a Ďurovič, Ján,
|d 1894-1955
|4 aut
|9 109102
|
| 245 |
1 |
|
|a Staročeské piesne v prvom tranosciu
|
| 260 |
|
|
|a Bratislava
|b Učená spoločnosť
|c 1936
|
| 300 |
|
|
|a 16 s.
|
| 999 |
|
|
|c 802152
|d 804082
|
| 952 |
|
|
|a SNK
|b SNK
|y PREZ
|7 0
|p 17A0693640
|o snkSC 21264
|i snkK 2203/66
|8 3
|0 0
|1 0
|4 0
|d 2011-03-18
|l 0
|r 2025-08-13 00:00:00
|w 2026-02-24
|
| 952 |
|
|
|t P60, <04>, [BOOK], {604}
|a SNK
|b SNK
|y VYP
|7 0
|p 17A0097746
|o snkSC 21264 D1
|0 0
|1 0
|4 0
|d 1997-09-25
|l 0
|r 2005-01-02 00:00:00
|w 2026-02-24
|